Cantabria prerromana (Record no. 182374)

MARC details
000 -LEADER
campo de control de longitud fija 00765nam a2200193 i 4500
001 - NÚMERO DE CONTROL
campo de control 182374
003 - IDENTIFICADOR DE NÚMERO DE CONTROL
campo de control ES-MaACL
005 - FECHA Y HORA DE LA ÚLTIMA TRANSACCIÓN
campo de control 20250629063151.0
008 - DATOS DE LONGITUD FIJA--INFORMACIÓN GENERAL
campo de control de longitud fija 130807s1955 sp |||| | spa d
100 1# - ENTRADA PRINCIPAL--NOMBRE DE PERSONA
Nombre de persona Tovar, Antonio,
Fechas asociadas al nombre 1911-1985
9 (RLIN) 111167
245 10 - MENCIÓN DEL TÍTULO
Título Cantabria prerromana
Resto del título : o lo que la lingüística nos enseña sobre los antiguos cántabros / Antonio Tovar.
260 ## - PUBLICACIÓN, DISTRIBUCIÓN, ETC.
Lugar de publicación, distribución, etc. Madrid :
Nombre del editor, distribuidor, etc. Publicaciones de la Universidad Internacional "Menéndez Pelayo",
Fecha de publicación, distribución, etc. 1955.
300 ## - DESCRIPCIÓN FÍSICA
Extensión 46 p. ;
Dimensiones 18 cm.
650 #4 - PUNTO DE ACCESO ADICIONAL DE MATERIA--TÉRMINO DE MATERIA
Término de materia o nombre geográfico como elemento de entrada Nombres geográficos-
Subdivisión geográfica España.
9 (RLIN) 15584
651 #4 - PUNTO DE ACCESO ADICIONAL DE MATERIA--NOMBRE GEOGRÁFICO
Nombre geográfico España-
Subdivisión general Lenguas-
Subdivisión cronológica Hasta S.V.
9 (RLIN) 8383
710 2# - ENTRADA AGREGADA--NOMBRE DE ENTIDAD CORPORATIVA
Nombre de entidad corporativa o nombre de jurisdicción como elemento de entrada Universidad Internacional Menéndez Pelayo.
9 (RLIN) 7384
852 ## - LOCALIZACIÓN
Ubicación ES-MaACL
Número de control de estantería 2320-F-8
Nota libre - Ejemplar fotocopiado
Holdings
Estatus retirado Estado de pérdida Estado de daño No para préstamo Colección Biblioteca de origen Biblioteca actual Ubicación en estantería Fecha de adquisición Fuente de adquisición Total de préstamos Signatura topográfica completa Código de barras Visto por última vez Precio de reemplazo Tipo de ítem Koha
        Colección de folletos Biblioteca del Ateneo de Madrid Biblioteca del Ateneo de Madrid Depósito folletos 07/08/2013     2320-F-8 1191652 23/02/2023 23/02/2023 Folleto